Co-integration, error correction, and the econometric analysis of non-stationary data / (Record no. 15186)

000 -LEADER
fixed length control field 00552pam a2200169 a 4500
020 ## - INTERNATIONAL STANDARD BOOK NUMBER
ISBN 0198287003
020 ## - INTERNATIONAL STANDARD BOOK NUMBER
ISBN 0198288107 (Pbk)
040 ## - CATALOGING SOURCE
Transcribing agency DLC
082 00 - DEWEY DECIMAL CLASSIFICATION NUMBER
Classification number 330 OXF 1993 A074 Or.
245 00 - TITLE STATEMENT
Title Co-integration, error correction, and the econometric analysis of non-stationary data /
260 ## - PUBLICATION, DISTRIBUTION, ETC. (IMPRINT)
Place of publication New York :
Name of publisher Oxford University Press,
Year of publication 1993.
300 ## - PHYSICAL DESCRIPTION
Number of Pages xiii, 329 p. :
Other physical details ill. ;
Dimensions 24 cm.
650 #0 - SUBJECT ADDED ENTRY--TOPICAL TERM
Topical Term Econometric models.
700 1# - ADDED ENTRY--PERSONAL NAME
Personal name Banerjee, Anindya.
856 42 - ELECTRONIC LOCATION AND ACCESS
Uniform Resource Identifier http://www.loc.gov/catdir/enhancements/fy0605/92027344-d.html
942 ## - ADDED ENTRY ELEMENTS (KOHA)
Koha item type សៀវភៅភាសាអង់គ្លេស
952 ## - LOCATION AND ITEM INFORMATION (KOHA)
Withdrawn status [LOCAL, KOHA] 0
Holdings
Permanent Location Date acquired Koha item type Lost status Shelving location Barcode Current Location Full call number
Library Block A2017-11-13សៀវភៅភាសាអង់គ្លេស A074A06547Library Block A330 OXF 1993 A074 Or.
មជ្ឈមណ្ឌលឯការនៃសាកលវិទ្យាល័យភូមិន្ទកសិកម្មចំការដូង

Powered by Koha